Oru kattilinte athmagatham / (Record no. 4818)
[ view plain ]
| 000 -LEADER | |
|---|---|
| fixed length control field | 00392cam a2200169ua 4500 |
| 041 ## - LANGUAGE CODE | |
| Language code of text/sound track or separate title | mal |
| 082 ## - DEWEY DECIMAL CLASSIFICATION NUMBER | |
| Classification number | 894.8121 |
| Item number | JOS/OR |
| 100 ## - MAIN ENTRY--AUTHOR NAME | |
| Personal name | Joseph, C.A . |
| 245 ## - TITLE STATEMENT | |
| Title | Oru kattilinte athmagatham / |
| 260 ## - PUBLICATION, DISTRIBUTION, ETC. (IMPRINT) | |
| Place of publication | : |
| Name of publisher | C.A Joseph , |
| Year of publication | 1960. |
| 300 ## - PHYSICAL DESCRIPTION | |
| Number of Pages | 56 ; . |
| 942 ## - ADDED ENTRY ELEMENTS (KOHA) | |
| Koha item type | Books |
| Withdrawn status | Lost status | Damaged status | Home library | Current library | Date acquired | Full call number | Accession Number | Koha item type |
|---|---|---|---|---|---|---|---|---|
| Withdrawn | KAUAET | Malayalam University | 07/04/2012 | 894.8121 | 1720 | Books |
